<?xml version="1.0" encoding="UTF-8"?><OAI-PMH xsi:schemaLocation="http://www.openarchives.org/OAI/2.0/ http://www.openarchives.org/OAI/2.0/OAI-PMH.xsd" xmlns="http://www.openarchives.org/OAI/2.0/" xmlns:xsi="http://www.w3.org/2001/XMLSchema-instance">
  <responseDate>2026-06-01T16:55:56Z</responseDate>
  <request verb="GetRecord" metadataPrefix="marc21" identifier="oai:alma.352LUX_BIBNET_NETWORK:990002198050107251">https://oai.bibnet.lu/view/oai/352LUX_BIBNET_NETWORK/request</request>
<GetRecord><record><header><identifier>oai:alma.352LUX_BIBNET_NETWORK:990002198050107251</identifier><datestamp>2025-01-21T09:32:20Z</datestamp><setSpec>all_bib</setSpec><setSpec>all_bib_export</setSpec><setSpec>VIAFBIB</setSpec></header><metadata>
<record xmlns="http://www.loc.gov/MARC21/slim" xmlns:xsi="http://www.w3.org/2001/XMLSchema-instance" xsi:schemaLocation="http://www.loc.gov/MARC21/slim http://www.loc.gov/standards/marcxml/schema/MARC21slim.xsd" ><leader>02092nam a2200565uc 4500</leader><controlfield tag="005">20241005041802.0</controlfield><controlfield tag="008">951009s1970    lu a   g c    000 0 fre d</controlfield><controlfield tag="001">990002198050107251</controlfield><datafield tag="019" ind1=" " ind2=" "><subfield code="a">Conversion "Bibliographie luxembourgeoise".</subfield><subfield code="5">03.10.1995</subfield></datafield><datafield tag="019" ind1=" " ind2=" "><subfield code="a">Dédoublonnage automatique; notice absorbée: LCD-22409</subfield><subfield code="5">29.09.2005</subfield></datafield><datafield tag="035" ind1=" " ind2=" "><subfield code="a">(BIBNET)000219805LUX01</subfield></datafield><datafield tag="040" ind1=" " ind2=" "><subfield code="a">LUX BINA</subfield><subfield code="e">rda</subfield></datafield><datafield tag="041" ind1="0" ind2=" "><subfield code="a">fre</subfield><subfield code="a">ger</subfield></datafield><datafield tag="072" ind1=" " ind2="7"><subfield code="a">hs</subfield><subfield code="2">LUX</subfield></datafield><datafield tag="082" ind1="0" ind2=" "><subfield code="a">708.94935</subfield><subfield code="2">23</subfield></datafield><datafield tag="082" ind1="0" ind2=" "><subfield code="a">737</subfield><subfield code="2">23</subfield></datafield><datafield tag="090" ind1=" " ind2=" "><subfield code="a">230061</subfield><subfield code="b">LUX</subfield></datafield><datafield tag="090" ind1=" " ind2=" "><subfield code="a">BL100700030401</subfield><subfield code="b">jv</subfield></datafield><datafield tag="090" ind1=" " ind2=" "><subfield code="a">22409</subfield><subfield code="b">LCD</subfield></datafield><datafield tag="099" ind1=" " ind2=" "><subfield code="a">be</subfield><subfield code="b">40</subfield><subfield code="c">00000000</subfield><subfield code="l">LUX01</subfield><subfield code="h">0000</subfield></datafield><datafield tag="100" ind1=" " ind2=" "><subfield code="a">Weiller, Raymond</subfield><subfield code="d">1938-2022</subfield><subfield code="0">(LUBIBNET)000044721</subfield><subfield code="e">auteur</subfield><subfield code="4">aut</subfield></datafield><datafield tag="245" ind1="1" ind2="0"><subfield code="a">Exposition numismatique au Musée d'histoire et d'art, Luxembourg</subfield><subfield code="b">guide illustré</subfield><subfield code="c">Raymond Weiller ; [photogr.: Albert Biwer]</subfield></datafield><datafield tag="264" ind1=" " ind2="1"><subfield code="a">Luxembourg</subfield><subfield code="b">Musée d'histoire et d'art</subfield><subfield code="c">1970</subfield></datafield><datafield tag="264" ind1=" " ind2="3"><subfield code="a">Esch-sur-Alzette</subfield><subfield code="b">Impr. Coopérative Luxembourgeoise</subfield></datafield><datafield tag="300" ind1=" " ind2=" "><subfield code="a">31 p.</subfield><subfield code="b">ill., pl.h.t.</subfield><subfield code="c">19 cm</subfield></datafield><datafield tag="336" ind1=" " ind2=" "><subfield code="a">texte</subfield><subfield code="b">txt</subfield><subfield code="2">rdacontent</subfield></datafield><datafield tag="337" ind1=" " ind2=" "><subfield code="a">sans médiation</subfield><subfield code="b">n</subfield><subfield code="2">rdamedia</subfield></datafield><datafield tag="338" ind1=" " ind2=" "><subfield code="a">volume</subfield><subfield code="b">nc</subfield><subfield code="2">rdacarrier</subfield></datafield><datafield tag="650" ind1=" " ind2="4"><subfield code="a">Musées</subfield><subfield code="z">Luxembourg</subfield><subfield code="z">Luxembourg</subfield><subfield code="x">Musée d'histoire et d'art</subfield><subfield code="v">Exposition</subfield></datafield><datafield tag="651" ind1=" " ind2="4"><subfield code="a">Luxembourg (Luxembourg)</subfield><subfield code="x">Musées</subfield><subfield code="x">Musée d'histoire et d'art</subfield><subfield code="v">Exposition</subfield></datafield><datafield tag="650" ind1=" " ind2="4"><subfield code="a">Monnaies</subfield><subfield code="z">Luxembourg</subfield><subfield code="v">Exposition</subfield></datafield><datafield tag="700" ind1=" " ind2=" "><subfield code="a">Biwer, Albert</subfield><subfield code="e">photographe</subfield><subfield code="4">pht</subfield></datafield><datafield tag="856" ind1="4" ind2="1"><subfield code="u">https://collections.mnha.lu/fullscreen/000219805/</subfield><subfield code="y">MNHA Collections</subfield><subfield code="7">0</subfield></datafield><datafield tag="905" ind1=" " ind2=" "><subfield code="a">Histoire</subfield></datafield><datafield tag="905" ind1=" " ind2=" "><subfield code="a">Musée</subfield></datafield><datafield tag="905" ind1=" " ind2=" "><subfield code="a">Numismatique</subfield></datafield><datafield tag="905" ind1=" " ind2=" "><subfield code="a">Luxembourg</subfield></datafield><datafield tag="906" ind1=" " ind2=" "><subfield code="a">Ausstellung = Exposition</subfield><subfield code="z">Luxembourg</subfield><subfield code="2">bibnet_aspect_principal</subfield></datafield><datafield tag="918" ind1=" " ind2=" "><subfield code="a">Expositions (Numismatique : Musée d'Histoire et d'Art)</subfield></datafield><datafield tag="918" ind1=" " ind2=" "><subfield code="a">Luxembourg-Ville (Musée d'Histoire et d'Art)</subfield></datafield><datafield tag="918" ind1=" " ind2=" "><subfield code="a">Musées (Luxembourg-Ville)</subfield></datafield><datafield tag="918" ind1=" " ind2=" "><subfield code="a">Numismatique (Musée d'Histoire et d'Art)</subfield></datafield><datafield tag="920" ind1=" " ind2=" "><subfield code="a">6.1</subfield></datafield><datafield tag="921" ind1=" " ind2=" "><subfield code="a">1995/BL100700030401</subfield></datafield><datafield tag="924" ind1=" " ind2=" "><subfield code="a">708</subfield></datafield><datafield tag="924" ind1=" " ind2=" "><subfield code="a">737</subfield></datafield><datafield tag="936" ind1=" " ind2=" "><subfield code="a">la</subfield></datafield><datafield tag="936" ind1=" " ind2=" "><subfield code="a">ld</subfield></datafield><datafield tag="941" ind1=" " ind2=" "><subfield code="a">VIAFEXPORT</subfield></datafield><datafield tag="999" ind1=" " ind2=" "><subfield code="a">B. Profs.: Lux:</subfield></datafield></record>
</metadata></record></GetRecord></OAI-PMH>